00672nam a22002295i 45000010009000000050017000090080041000260100017000670200018000840400023001020420008001250500023001331000018001562450091001742600033002652630009002983000037003075000020003446500022003646500033003867000023004192000855320200109101406.0170919s2017 nyu 000 0 eng  a 2017955550 a9783319598819 aDLCbengerdacDLC apcc aR837.S55bO75 20181 aOriot, Denis.10aPocket book for simulation debriefing in healthcare /cDenis Oriot, Guillaume Alinier. aCham : bSpringer, c©2018. a1710 axiii,107p. :bCol. ill. ;c25 cm aIncludes index. aMedical education aHealth Education xmethods.  aAlinier, Guillaume